<?xml version="1.0" encoding="UTF-8"?>
<record
    xmlns:xsi="http://www.w3.org/2001/XMLSchema-instance"
    xsi:schemaLocation="http://www.loc.gov/MARC21/slim http://www.loc.gov/standards/marcxml/schema/MARC21slim.xsd"
    xmlns="http://www.loc.gov/MARC21/slim">

  <leader>00816nab a2200229 uc4500</leader>
  <controlfield tag="001">638753</controlfield>
  <controlfield tag="005">20241127090635.0</controlfield>
  <controlfield tag="008">001128e20000901                    spa  </controlfield>
  <datafield tag="035" ind1=" " ind2=" ">
    <subfield code="a">638753</subfield>
  </datafield>
  <datafield tag="035" ind1=" " ind2=" ">
    <subfield code="a">(OCoLC)819862840</subfield>
  </datafield>
  <datafield tag="040" ind1=" " ind2=" ">
    <subfield code="c">comduadb</subfield>
  </datafield>
  <datafield tag="041" ind1=" " ind2=" ">
    <subfield code="a">spa</subfield>
  </datafield>
  <datafield tag="100" ind1="1" ind2="0">
    <subfield code="a">Ferrer, Rodrigo</subfield>
    <subfield code="4">aut</subfield>
    <subfield code="e">aut</subfield>
    <subfield code="9">336350</subfield>
  </datafield>
  <datafield tag="245" ind1="1" ind2="3">
    <subfield code="a">La nueva generacion de redes metropolitanas</subfield>
  </datafield>
  <datafield tag="650" ind1=" " ind2=" ">
    <subfield code="a">MAN  (Redes de area abierta)</subfield>
    <subfield code="9">68580</subfield>
  </datafield>
  <datafield tag="650" ind1=" " ind2=" ">
    <subfield code="a">LAN (Redes de &#xC1;rea Local)</subfield>
    <subfield code="9">69085</subfield>
  </datafield>
  <datafield tag="650" ind1=" " ind2=" ">
    <subfield code="a">TDM (Multiplaxion por division de tiempo)</subfield>
    <subfield code="9">68994</subfield>
  </datafield>
  <datafield tag="650" ind1=" " ind2=" ">
    <subfield code="a">ATM (Modo de transferencia as&#xED;ncrono)</subfield>
    <subfield code="9">54554</subfield>
  </datafield>
  <datafield tag="650" ind1=" " ind2="7">
    <subfield code="a">Internet</subfield>
    <subfield code="2">armarc</subfield>
    <subfield code="9">23963</subfield>
  </datafield>
  <datafield tag="773" ind1="0" ind2=" ">
    <subfield code="t">RCT : Revista Colombiana de Telecomunicaciones (Bogot&#xE1;)</subfield>
    <subfield code="g">Volumen 07, N&#xFA;mero 23, Julio-Septiembre 2000, p. 78-80</subfield>
    <subfield code="w">128555</subfield>
    <subfield code="x">0122-7416</subfield>
    <subfield code="0">70314</subfield>
  </datafield>
  <datafield tag="942" ind1=" " ind2=" ">
    <subfield code="c">ARIMP</subfield>
  </datafield>
  <datafield tag="999" ind1=" " ind2=" ">
    <subfield code="c">166366</subfield>
    <subfield code="d">166366</subfield>
  </datafield>
</record>
